El V. P. Antonio de Vieyra de la compañia de Jesus, todos sus sermones, y obras diferentes, que de su original Portuguès se han traducido en Castellano, reducido esta primera vez a orden, e impressos en quatro tomos (Registro nro. 36435)

Detalles MARC
000 -ENCABEZADO
Número de control [NR] 02958nam a2200337Ia 4500
005 - FECHA Y HORA DE LA ÚLTIMA TRANSACCIÓN
control field 20260226145543.0
008 - DE LONGITUD FIJA DE DATOS DE ELEMENTOS - INFORMACIÓN GENERAL
Elementos de longitud fija [NR] 130821s1734 sp a gr spa
040 ## - FUENTE DE CATALOGACION [NR]
Agencia de catalogación original [NR] Co-BoUCM
Idioma de catalogación [NR] spa
Quien Cataloga Sandra Yazo
Quien Clasifica Sandra Yazo
041 0# - CODIGO DE IDIOMA [R]
Código de idioma para texto/pista de sonido o título separado [R] Español
082 04 - NUMERO DE CLASIFICACION DECIMAL DEWEY [R]
Número de clasificación [R] 252
Número de la edición [NR] 20
092 ## - SIGNATURA TOPOGRAFICA LOCAL
Número de clasificación local E18N073
100 1# - ASIENTO PRINCIPAL--NOMBRE PERSONAL [NR]
Nombre personal [NR] Vieira, Anto'nio
Fechas asociadas con el nombre [NR] 1608-1697
ID Autoridad 188186
245 13 - MENCION DE TITULO [NR]
Título [NR] El V. P. Antonio de Vieyra de la compañia de Jesus, todos sus sermones, y obras diferentes, que de su original Portuguès se han traducido en Castellano, reducido esta primera vez a orden, e impressos en quatro tomos
260 ## - PUBLICACION, DISTRIBUCION, ETC. (PIE DE IMPRENTA) [R]
Lugar de publicación, distribución, etc. [R] Barcelona (España)
Nombre del editor, distribuidor, etc. [R] En la imprenta de María Marti Viuda, adminstrada por Mauro Marti ...
Fecha de publicación, distribución, etc. [R] 1734
300 ## - DESCRIPCION FISICA [R]
Extensión [R] 4 volúmenes[[46], 561, [50] ; [8], 489 [43] ; [8], 508, [46] ; [4], clxxi, 346, [40] páginas
Otros detalles físicos [NR] ilustraciones
500 ## - NOTA GENERAL [R]
Nota general [NR] Detalles físicos (Colección): Encuadernación en pergamino con residuos de papel pegado. Algunas guardas se conservan. Portada impresa a una sola tintas en diversos tipos. Texto impreso en dos columnas, con algunas letras capitales y adornos (encabezamientos), papel con algunas manchas de humedad.
500 ## - NOTA GENERAL [R]
Nota general [NR] Detalles físicos V.1: Ejemplar desencuadernado, rotura en el lomo. Varias hojas empiezan a soltarse. Ejemplar en regular estado de conservación. Dedicatoria a don Alfonso de Pozo y Silva y retrato del autor en página entera. En portada una firma. Algunas perforaciones de insectos. V.2: Dedicatoria a don Bruno Mauricio de Zavala. V.3: Dedicatoria a Firmin Francisco de Uztariz, y Ollo, en guarda y portada anotaciones y firmas ilegibles. V.4: Portada y pagina siguiente suelta. Dedicatoria a don Martín de Rocavarren.
500 ## - NOTA GENERAL [R]
Nota general [NR] Incluye índice.
505 0# - NOTA DE CONTENIDO CON FORMATO PREESTABLECIDO [R]
Nota de contenido con formato preestablecido [NR] V.1: Vida del autor, con todos los sermones Dominicas y Ferias; y Leys (sic) del mandato. -- V.2: Los sermones de Christo (sic) Señor nuestro, y de María Santísima, y quince del Rosario. -- V.3: Quarenta (sic) y ocho sermones de diferentes Santos. -- V.4: Otros quince Sermones del Rosario. ; Varios Sermones de assumptos espediales (sic). ; La palabra de Dios empeñada, desempeñada, y defendida. ; La historia de lo futuro. ; Chrisis, y apologías contra, y a favor del autor y otras obras suyas, que hasta aora (sic) no avia (sic) salido a la luz.
506 ## - NOTA DE RESTRICCIONES DE ACCESO [R]
Condiciones de acceso [NR] Consulta en sala.
546 ## - NOTA DE IDIOMA [R]
Nota de idioma [NR] Texto en latín.
650 04 - ASIENTO SECUNDARIO DE MATERIA - TERMINO TEMATICO [R]
Término temático o nombre geográfico como elemento de entrada [NR] Apologética
Subdivisión general [R] Obras anteriores a 1800
9 (RLIN) 9245
650 04 - ASIENTO SECUNDARIO DE MATERIA - TERMINO TEMATICO [R]
Término temático o nombre geográfico como elemento de entrada [NR] Oratoria sagrada
Subdivisión general [R] Obras anteriores a 1800
9 (RLIN) 20808
650 04 - ASIENTO SECUNDARIO DE MATERIA - TERMINO TEMATICO [R]
Término temático o nombre geográfico como elemento de entrada [NR] Sermones de festividades religiosas
Subdivisión general [R] Obras anteriores a 1800
9 (RLIN) 24240
650 04 - ASIENTO SECUNDARIO DE MATERIA - TERMINO TEMATICO [R]
Término temático o nombre geográfico como elemento de entrada [NR] Teología pastoral
Subdivisión general [R] Sermones de cuaresma
-- Obras anteriores a 1800
9 (RLIN) 25238
650 04 - ASIENTO SECUNDARIO DE MATERIA - TERMINO TEMATICO [R]
Término temático o nombre geográfico como elemento de entrada [NR] Teología
9 (RLIN) 25230
700 1# - ASIENTO SECUNDARIO - NOMBRE PERSONAL [R]
Nombre personal [NR] Martí, María
Títulos u otras palabras asociadas con el nombre [R] viuda, eimp.
9 (RLIN) 188187
700 1# - ASIENTO SECUNDARIO - NOMBRE PERSONAL [R]
Nombre personal [NR] Piferrer
9 (RLIN) 188188
856 41 - LOCALIZACION Y ACCESO ELECTRONICOS [R]
Nota dirigida al público [R] Disponible en línea V.2
Identificador Uniforme del Recurso (“URI”) [R] <a href="http://books.google.com.co/books?id=apISQZ_-XBMC&printsec=frontcover&hl=es&source=gbs_ge_summary_r&cad=0#v=onepage&q&f=false">http://books.google.com.co/books?id=apISQZ_-XBMC&printsec=frontcover&hl=es&source=gbs_ge_summary_r&cad=0#v=onepage&q&f=false</a>
942 ## - ELEMENTOS DE ENTRADA AGREGADOS (KOHA)
Tipo de ítem principal el descrito en 300a Libro
Tema principal 4
Edición 1
Sistema de clasificación DEWEY
Clasificación 252
Existencias
Suprimido Perdido Sistema de clasificación Dañado No prestable Tipo de ítem específico Ubicación habitual Ubicación actual Localización Fecha de creación Forma de adquisición Costo Volúmen / Fascículo Total préstamos Código de barras Última vez visto Ejemplar Price effective from Tipo de ítem
    DEWEY     Libro archivo Archivo Histórico Archivo Histórico Archivo histórico 28/02/2013 Donación 0.00 E18N073 V.1   L002749 15/12/2012 Ej.1 03/02/2013 Libro
    DEWEY     Libro archivo Archivo Histórico Archivo Histórico Archivo histórico 28/02/2013 Donación 0.00 E18N073 V.2   L002750 15/12/2012 Ej.1 03/02/2013 Libro
    DEWEY     Libro archivo Archivo Histórico Archivo Histórico Archivo histórico 28/02/2013 Donación 0.00 E18N073 V.3   L002751 15/12/2012 Ej.1 03/02/2013 Libro
    DEWEY     Libro archivo Archivo Histórico Archivo Histórico Archivo histórico 28/02/2013 Donación 0.00 E18N073 V.4   L002752 15/12/2012 Ej.1 03/02/2013 Libro